BUBT Library Online Catalog

The Family Courts Ordinance, 1985/ (Record no. 7159)

000 -LEADER
fixed length control field 00791nam a22002297a 4500
003 - CONTROL NUMBER IDENTIFIER
control field BUBTL
008 - FIXED-LENGTH DATA ELEMENTS--GENERAL INFORMATION
fixed length control field 231127b ||||| |||| 00| 0 eng d
041 ## - LANGUAGE CODE
Language code of text/sound track or separate title eng
082 ## - DEWEY DECIMAL CLASSIFICATION NUMBER
Classification number 340/ C4595f/ c1986
100 ## - MAIN ENTRY--PERSONAL NAME
Personal name Chowdhury, Alimuzzaman
9 (RLIN) 5598
245 ## - TITLE STATEMENT
Title The Family Courts Ordinance, 1985/
Remainder of title Ordinance No.VIII of 1985 and Allied Laws with Guardians and Wards Act, 1890 and Laws on Succession Certificates
Statement of responsibility, etc. Alimuzzaman Chowdhury
250 ## - EDITION STATEMENT
Edition statement Ist ed.
260 ## - PUBLICATION, DISTRIBUTION, ETC. (IMPRINT)
Place of publication, distribution, etc. Dhaka :
Name of publisher, distributor, etc. New Warsi Book Corporation,
Date of publication, distribution, etc. c1986
300 ## - PHYSICAL DESCRIPTION
Extent 272 p.
Dimensions 23 cm.
500 ## - GENERAL NOTE
General note Include Index
505 ## - FORMATTED CONTENTS NOTE
Formatted contents note The Family Courts Ordinance, 1985, Alimuzzaman Chowdhury, Child Law
526 ## - STUDY PROGRAM INFORMATION NOTE
Program name Law
650 #0 - SUBJECT ADDED ENTRY--TOPICAL TERM
9 (RLIN) 5597
Topical term or geographic name as entry element Child Law
856 ## - ELECTRONIC LOCATION AND ACCESS
Password 0
Logon 0
Link text Download
942 ## - ADDED ENTRY ELEMENTS (KOHA)
Source of classification or shelving scheme
Koha item type Books
Holdings
Withdrawn status Lost status Source of classification or shelving scheme Damaged status Not for loan Collection code Permanent location Current location Shelving location Date acquired Source of acquisition Inventory number Total Checkouts Full call number Barcode Date last seen Copy number Price effective from Koha item type
          Non-fiction Bangladesh University of Business and Technology Library Bangladesh University of Business and Technology Library Law Stacks 03/30/2005 Purchase 1982   340/ C4595f/ c1986 BUBTL-20031982 11/27/2023 C-1 11/27/2023 Books

More Information About Library

Library Hours

  • Open: 9.00 am. to 9.00 pm.
  • Only Sunday: 9.00 am. to 6.00 pm.
  • Closed: Holiday

Contact to the University

Bangladesh University of Business and Technology Library

  • Mirpurl-2, 1216.
  • Phone:
  • Fax:
  • E-Mail: admin.library@bubt.edu.bd

Contact to the Library

Contact Person:

Md. Abdul Hakim Shah
Joint Librarian
PABX No:  113
Cell No: 01816332931
E-mail: official: admin.library@bubt.edu.bd
Personal: hakim.shah@bubt.edu.bd


BUBT Library

Copyright © 2021